| 000 | 00347nam a22001337a 4500 | ||
|---|---|---|---|
| 003 | OSt | ||
| 008 | 220924b |||||||| |||| 00| 0 eng d | ||
| 082 |
_a537.2 _bATA/RE |
||
| 100 |
_aAtabekov,v _95257 |
||
| 245 | _aRepair of transformers and electric machines | ||
| 260 |
_aMoscow _bMir publishers _c1986 |
||
| 300 |
_a316 _bhard binding |
||
| 942 | _cBK | ||
| 999 |
_c17556 _d17556 |
||